Osmanlı belgelerinde Silivri (Record no. 5303)

MARC details
000 -BAŞLIK
Sabit Uzunlukta Kontrol Alanı 00932na a2200289 4500
001 - KONTROL NUMARASI
Denetim Alanı 15646
003 - KONTROL NUMARASI IDENTIFIER
Denetim Alanı MIRAKIL
005 - SON İŞLEM TARİHİ VE ZAMANI
Denetim Alanı 20181213155032.0
008 - SABİT-BOY VERİ ELEMANLARI - GENEL BİLGİLER
Sabit Uzunlukta Kontrol Alanı 161025b tu 000 0
040 ## - KATALOGLAMA KAYNAK
Orijinal Kataloglama Ajansı Milas
Kataloglama Dili tur
Metne Dönüştürmek Ajansı TR-AnCHP
041 ## - DİL KODU
Metin / Ses Parça Veya Ayrı Başlığın Dil Kodu tur
082 ## - DEWEY ONLU SINIFLANDIRMA NUMARASI
Sınıflandırma Numarası 956.22614
Ürün Numarası K64o 2011
090 ## - SINIFLAMA NUMARASI
Sınıflama Numarası 956.22614 K64o 2011
100 ## - ANA GİRİŞ - KİŞİSEL İSİM
Kişisel Ad Koltuk, M. Taner
245 ## - BAŞLIK TABLOSU
Başlık Osmanlı belgelerinde Silivri
Sorumluluk Tablosu, Vb M. Taner Koltuk, S. Atilla Sağlamçubukcu ; editör Mehmet Topal
246 ## - UNVAN FORM VARYING
Başlık Doğru / Kısa Başlığı Silivri
260 ## - YAYIN, DAĞITIM, VB
Yayın, Dağıtım, Vb Yeri İstanbul
Yayıncı, Dağıtıcı, Vs Adı Silivri Belediyesi
Yayın, Dağıtım, Vb Tarihi 2011
300 ## - FİZİKSEL TANIM
Kapsam 269 s.
Diğer Fiziksel Ayrıntıları fotg. ; res ; hrt.; tıpkıbasım
Boyutlar 30 sm. +
Eşlik Eden Malzeme 4 büyük tablo
490 ## - SERİSİ TABLOSU
Seri Beyanı Bir Şehir Monografisi
Hacim / Ardışık Tanımı 2
500 ## - GENEL NOT
Genel Not Yapıt Osmanlı Türkçesi metinler içerir.
650 ## - KONU KATMA GİRİŞ - TOPİKAL DÖNEM
Topikal Süreli Veya Coğrafi Ad Giriş Elemanı Belgeler
Genel Alt Bölümü Osmanlı İmparatorluğu
Kronolojik Alt Bölümü Tarih
651 ## - KONU KATMA GİRİŞ - COĞRAFİ ADI
Coğrafi İsim Silivri
Genel Alt Bölümü Tarih
700 ## - KATMA GİRİŞ - KİŞİSEL İSİM
Kişisel Ad Topal, Mehmet
700 ## - KATMA GİRİŞ - KİŞİSEL İSİM
Kişisel Ad Sağlamçubukçu, S. Atilla
942 ## - EKLENDİ GİRİŞ ELEMANLARI (KOHA)
Sınıflandırma Veya Raf Düzeni Kaynak Dewey Decimal Classification
Koha Öğesi Türü Books
999 ## - SİSTEM KONTROL NUMARALARI (KOHA)
Koha Biblionumber 5303
Koha Biblioitemnumber 5303
657 ## - INDEX SÜRE - İŞLEVİ
-- Silivri tarihi
Holdings
Kalıcı Konum Mevcut Konum Edinme Tarihi Edinim Kaynak Toplam Check-Out'Lar Tam Çağrı Numarası Barkod Tarih Son Görülme İtibaren Geçerli Fiyatlar Koha Öğesi Türü
CHP Kütüphanesi CHP Kütüphanesi 09/19/2016 Bağış   956.22614 K64o 2011 005076 09/19/2016 09/19/2016 Books